Cristo nostra speranza / [por] Nicolino Sarale

I tiakina i:
Ngā taipitopito rārangi puna kōrero
Kaituhi matua: Sarale, Nicolino (autor)
Hōputu: Pukapuka
Ngā marau:
Ngā Tūtohu: Tāpirihia he Tūtohu
Kāore He Tūtohu, Me noho koe te mea tuatahi ki te tūtohu i tēnei pūkete!

MARC

LEADER 00000nam^a2200000^u^4500
001 000546454
005 20250521000000.0
008 060220s1000^^^^^^^^^^^^r^^^^^000^0^spa^d
009 20260310131410.851
035 |a FMI 000016074 
037 |a Acervo Xavier Clavigero 
096 |a 5.1.2/31/D 
100 |a Sarale, Nicolino  |e (autor) 
245 1 0 |a Cristo nostra speranza / [por] Nicolino Sarale 
264 |a Roma : Pro Sanctitate, 1987 
300 |a 211 p. 
336 |a texto  |b txt  |2 rdacontenido 
337 |a sin mediación  |b n  |2 rdamedio 
338 |a volumen  |b nc  |2 rdasoporte 
649 |a XX 
650 |a JESUCRISTO 2. VIDAS DE CRISTO 
910 |a Fondo Francisco Migoya Covarrubias S.J. 
920 |a Impresos - Libros 
930 |a Fondos Especiales 
905 |a 134 
901 |a SBC23140  |b IT2  |c ESP  |u 20250521 
902 |a https://opac.biblio.iteso.mx/vufind/Record/000546454